书目信息 |
| 题名: |
安全第一
|
|
| 作者: | 张安顺 , 王松松 , 王运峰 编著 | |
| 分册: | ||
| 出版信息: | 北京 人民日报出版社 2022.05 |
|
| 页数: | 200页 | |
| 开本: | 24cm | |
| 丛书名: | ||
| 单 册: | ||
| 中图分类: | X931 | |
| 科图分类: | ||
| 主题词: | 企业安全--qi ye an quan--安全生产--研究 | |
| 电子资源: | ||
| ISBN: | 978-7-5115-7325-4 | |
| 000 | 01734nam0 2200265 450 | |
| 001 | 25022 | |
| 005 | 20220918144417.62 | |
| 010 | @a978-7-5115-7325-4@dCNY59.80 | |
| 100 | @a20220629d2022 em y0chiy50 ea | |
| 101 | 0 | @achi |
| 102 | @aCN@b110000 | |
| 105 | @aa z 000yy | |
| 200 | 1 | @a安全第一@Aan quan di yi@e反“三违” 查隐患 防事故 抓整改@f张安顺, 王松松, 王运峰编著 |
| 210 | @a北京@c人民日报出版社@d2022.05 | |
| 215 | @a200页@c图@d24cm | |
| 314 | @a张安顺, 教授, 山西省总工会干部学校原党委书记、第一副校长。长期从事工会理论、劳动法、工会法、劳动安全卫生、劳动合同、集体合同、职工民主管理、社会保障、工会女职工工作、婚姻家庭法等方面的教学与研究工作, 应邀到全国各地讲课干余场次。王松松, 注册安全工程师, 石家庄陕鼓气体有限公司设备主管, 长期从事企业安全管理与教育工作, 对一线安全管理有独到的见解。王运峰, 北京远光通联科技有限公司产品工程师、项目经理, 全面统筹企业安全生产管理、员工培训工作, 对企业安全管理、员工安全培训有丰富的实践经验。 | |
| 330 | @a本书以“安全第一”为着眼点和落脚点, 重点从反“三违”、查隐患、防事故、抓整改四个方面展开表述, 从多个角度、多个方面详细阐述了“三违”的危害、排查隐患的重要性、预防事故的要领以及狠抓整改提升的技巧, 运用大量的案例和观点引导企业员工牢固树立安全意识、提高安全技能、远离违章以防范事故发生, 逐步实现从“要我安全”到“我要安全、我会安全”的转变, 进而影响激励广大员工共同呵护安全生产和生命财产安全。 | |
| 517 | 1 | @a反“三违” 查隐患 防事故 抓整改@Afan “ san wei ” cha yin huan fang shi gu zhua zheng gai |
| 606 | 0 | @a企业安全@Aqi ye an quan@x安全生产@x研究 |
| 690 | @aX931@v5 | |
| 701 | 0 | @a张安顺@Azhang an shun@4编著 |
| 701 | 0 | @a王松松@Awang song song@4编著 |
| 701 | 0 | @a王运峰@Awang yun feng@4编著 |
| 801 | 0 | @aCN@c20220910 |
| 905 | @a河南城建学院图书馆@dX931@eZ070@f2 | |
| 安全第一:反“三违” 查隐患 防事故 抓整改/张安顺, 王松松, 王运峰编著.-北京:人民日报出版社,2022.05 |
| 200页:图;24cm |
| ISBN 978-7-5115-7325-4:CNY59.80 |
| 本书以“安全第一”为着眼点和落脚点, 重点从反“三违”、查隐患、防事故、抓整改四个方面展开表述, 从多个角度、多个方面详细阐述了“三违”的危害、排查隐患的重要性、预防事故的要领以及狠抓整改提升的技巧, 运用大量的案例和观点引导企业员工牢固树立安全意识、提高安全技能、远离违章以防范事故发生, 逐步实现从“要我安全”到“我要安全、我会安全”的转变, 进而影响激励广大员工共同呵护安全生产和生命财产安全。 |
| ● |
| 相关链接 |
|
|
|
正题名:安全第一
索取号:X931/Z070
 
预约/预借
| 序号 | 登录号 | 条形码 | 馆藏地/架位号 | 状态 | 备注 |
| 1 | 1575659 | 215756590 | 自科库501/501自科库 122排1列4层/ [索取号:X931/Z070] | 在馆 | |
| 2 | 1575660 | 215756607 | 自科库501/501自科库 122排1列4层/ [索取号:X931/Z070] | 在馆 |